Statistics for Countries that Visit Washington D.C. the Most

Click here to take the quiz!

General Stats

  • This quiz has been taken 84 times
  • The average score is 9 of 10

Answer Stats

Visitors Country % Correct
189,000Canada
99%
47,305United Kingdom
97%
16,785Mexico (by air only)
97%
17,927France
96%
19,137Germany
95%
22,770China
93%
14,671Japan
92%
11,190Brazil
80%
11,240South Korea
73%
8,919Netherlands
49%

Score Distribution

Percentile by Number Answered

Percent of People with Each Score

Your Score History

You have not taken this quiz